Normal view MARC view

Entry Personal Name

Number of records used in: 2

001 - CONTROL NUMBER

  • control field: 52990

003 - CONTROL NUMBER IDENTIFIER

  • control field: dpl

005 - DATE AND TIME OF LATEST TRANSACTION

  • control field: 20121009164203.0

008 - FIXED-LENGTH DATA ELEMENTS

  • fixed length control field: 121009|||a|||||| | ||| d

040 ## - CATALOGING SOURCE

  • Original cataloging agency: dpl
  • Transcribing agency: dpl

100 ## - HEADING--PERSONAL NAME

  • Personal name: خو ا جہ عبد المنتقم

670 ## - SOURCE DATA FOUND

  • Source citation: Work cat.: (dpl): خو ا جہ عبد المنتقم, پر يس کی آزا دی اور صحا فيو ن کے لۓضا بطہء ا خلا ق, 2011ء

670 ## - SOURCE DATA FOUND

  • Source citation: Work cat.: (dpl): خو ا جہ عبد المنتقم, پر يس کی آزا دی اور صحا فيو ن کے لۓضا بطہء ا خلا ق, 2011ء

© Delhi Public Library
Hit Counter
free hit counter